00472nam a22001457a 4500003000500000038001800005082000800023100002000031245009800051264003400149300002500183650003200208700002900240856005700269NUST aNusrat Nadeem a200 aMehmood, Sarmad aGenetic Studies in Pakistani Families with Hereditary Neurological Disorders/cSarmad Mehmood aIslamabad;bASAB NUST;c2021. a149,p;bill;c30,cm. aPhD-Virology and Immunology aSupervisor:Dr.Peter John uhttp://10.250.8.41:8080/xmlui/handle/123456789/34714